Portugal Squad Euro 2024 - Statistics

General Stats
  • This quiz has been taken 135 times
  • The average score is 22 of 26
Answer Stats
Club Position Answer % Correct
Al-Nassr FW Cristiano Ronaldo
98%
Man City FW Bernardo Silva
97%
Benfica DF Antonio Silva
96%
AC Milan FW Rafael Leao
94%
Man United MF Bruno Fernandes
93%
Liverpool FW Diogo Jota
93%
Man City DF Ruben Dias
93%
Man United DF Diogo Dalot
90%
Porto GK Diogo Costa
88%
Barcelona DF Joao Cancelo
88%
Benfica MF Joao Neves
88%
Al-Hilal MF Ruben Neves
88%
Roma GK Rui Patricio
88%
PSG MF Vitinha
88%
Wolves GK Jose Sa
87%
PSG DF Nuno Mendes
87%
PSG FW Goncalo Ramos
86%
Barcelona FW Joao Felix
82%
Porto DF Pepe
80%
Fulham MF Joao Palhinha
74%
Wolves DF Nelson Semedo
71%
Wolves FW Pedro Neto
70%
PSG DF Danilo Pereira
69%
Al-Nassr MF Otavio
66%
Porto FW Francisco Conceicao
63%
Sporting CP DF Goncalo Inacio
61%
No matching quizzes found
Score Distribution
Percent of People with Each Score
Percentile by Number Answered
Your Score History
You have not taken this quiz